000 00588cam a22002171 4500
001 ne 68002970
003 DLC
005 20260227111845.0
008 880803s1966 le 000 1 arar
010 _ane 68002970
035 _a(OCoLC)18306604
040 _aDLC
_cWaU
_dDLC
042 _apremarc
050 0 0 _aPJ7852.A5
_bK3 1966
100 1 _aNuʻaymah, Mīkhāʼīl,
_d1889-
245 1 0 _aKāna mā kān.
_c[Taʼlīf] Mikhāʼīl Nuʻaymah.
250 _aal-Ṭabʻah al-sābiʻah.
260 _aBayrūt,
_bDār Ṣādir,
_c1966.
300 _a125 p.
500 _aShort stories.
999 _c50639
_d50639